Toxic - BoyWithUke - Statistics

General Stats
  • This quiz has been taken 390 times
  • The average score is 270 of 385
Answer Stats
Lyrics % Correct
a
99%
to
99%
toxic
98%
are
97%
I
97%
I...
97%
All
96%
all
96%
my
96%
friends
95%
and
92%
So
92%
me
90%
always
88%
it
88%
negative
88%
rude
88%
I'm
87%
but
86%
But
86%
need
86%
new
86%
that
86%
be
85%
Be
85%
not
84%
you
84%
You
84%
it's
83%
Oh
83%
oh
83%
easy
82%
let
82%
by
81%
of
81%
myself
80%
quick
80%
better
78%
drowning
78%
breathe
75%
do
75%
off
74%
ambitionless
73%
feel
73%
know
72%
don't
71%
Don't
71%
how
71%
alone
69%
feels
67%
for
67%
else
66%
hear
65%
somebody
65%
your
65%
help
64%
is
64%
out
64%
when
64%
I'll
63%
feeling
62%
kinda
62%
make
62%
crying
61%
Baby
60%
cellphone
60%
empty
60%
Though
60%
was
60%
without
60%
never
58%
ringing
58%
life
56%
on
52%
where
48%
up
46%
chocolate
45%
good
45%
showed
45%
what
44%
bit
42%
fell
42%
die
41%
chewin'
40%
immaculate
40%
minute
40%
bottles
38%
Counting
38%
guys
38%
lies
38%
river
38%
should
38%
this
38%
want
38%
into
37%
see
37%
That's
37%
thinking
37%
told
37%
backing
36%
drinking
36%
hours
36%
time
36%
said
35%
wood
35%
knocking
34%
screwed
34%
admit
33%
booze
33%
Had
33%
I'd
33%
opposites
33%
took
33%
Avoiding
32%
away
32%
pride
31%
take
31%
cannot
30%
seconds
30%
way
30%
running
29%
limited
28%
find
27%
rigid
27%
you're
27%
another
26%
takin'
22%
if
13%
wonder
12%
No matching quizzes found
Score Distribution
Percent of People with Each Score
Percentile by Number Answered
Your Score History
You have not taken this quiz